| 000 | 00762nam a2200217 i 4500 | ||
|---|---|---|---|
| 001 | 34654 | ||
| 003 | ES-MaACL | ||
| 005 | 20250814043336.0 | ||
| 007 | t| | ||
| 008 | 030207s1979 sp ||||1| spa d | ||
| 100 | 1 |
_aBlunt, Anthony. _929603 |
|
| 245 | 1 | 0 |
_aTeoría de las artes en Italia, 1450-1600 / _cAnthony Blunt ; prólogo de addenda bibliográfica Fernando Checa Cremades ; traducción: José Luis Checa Cremades. |
| 260 |
_aMadrid : _bCátedra, _c[1979] |
||
| 300 |
_a175 p. : _bil. ; _c21 cm. |
||
| 490 | 1 | _aEnsayos arte | |
| 700 | 0 |
_aCheca Cremades, Fernando, _d1952- _938301 |
|
| 700 | 1 |
_aCheca Cremades, José Luis, _d1953- _938303 |
|
| 830 | 0 |
_aEnsayos arte _9178883 |
|
| 852 |
_aES-MaACL _jA-10373 _bR.99533 |
||
| 999 |
_c34654 _d34654 |
||